[Event "Challenge"]
[Site "http://www.queenalice.com/game.php?id=309240"]
[Date "2007.11.24"]
[Round "-"]
[White "carlos55"]
[Black "dasekeed"]
[Result "1-0"]
[WhiteElo "1092"]
[BlackElo "1582"]

1. d4 d5 2. f4 Nc6 3. c3 f6 4. e3 e5 5. Qh5+ g6 6. Qd1 Qe7 7. Qf3 e4 8. Qd1 f5
9. Qb3 b6 10. Qxd5 Bb7 11. Bb5 Qd6 12. Qb3 O-O-O 13. d5 Qxd5 14. c4 Qd6 15. Nc3
Na5 16. Qa4 c6 17. Bxc6 Bxc6 18. Qc2 Nxc4 19. Nh3 Nf6 20. Ng5 1-0

[Event "Challenge"]
[Site "http://www.queenalice.com/game.php?id=314457"]
[Date "2007.12.4"]
[Round "-"]
[White "johnlennon55"]
[Black "carlos55"]
[Result "0-1"]
[WhiteElo "987"]
[BlackElo "1154"]

1. e4 e5 2. Nf3 d6 3. d3 Nf6 4. c3 Be7 5. Qb3 O-O 6. Be2 Na6 7. Nbd2 Nc5 8. Qc2
Bg4 9. Nb3 Ne6 10. Na5 Nc5 11. Nxb7 Nxb7 12. Bd2 Nc5 13. O-O-O Rb8 14. d4 Ncxe4
15. Bf4 exf4 16. d5 Nxf2 17. Rhe1 Nxd1 18. Rxd1 Rb6 19. Rd4 Nh5 20. Qd1 Bf6 21.
Ra4 Qb8 22. h3 Bd7 23. Nd4 Bxa4 24. Qxa4 Rxb2 25. Bxh5 Re8 26. Nb5 Rxb5 27. Qxf4
Rb2 28. c4 Re1+ 29. Bd1 Rb1+ 30. Kc2 Rbxd1 31. a4 Re2+ 32. Kxd1 Rxg2 33. Qe4 Rh2
34. Qe3 Qc8 35. Ke1 Rxh3 36. Qc1 Rh1+ 0-1

[Event "Challenge"]
[Site "http://www.queenalice.com/game.php?id=314494"]
[Date "2007.12.4"]
[Round "-"]
[White "johnlennon55"]
[Black "carlos55"]
[Result "0-1"]
[WhiteElo "987"]
[BlackElo "1141"]

1. e4 e5 2. Nf3 Nc6 3. d3 d6 4. Bg5 f6 5. Be3 Bg4 6. Bd2 Nh6 7. h3 Be6 8. Nc3
Qd7 9. Na4 O-O-O 10. c3 Na5 11. Be3 Nc6 12. c4 Nb4 13. Bxa7 Nc6 14. Be3 b6 15.
g3 Re8 16. g4 Kd8 17. Qd2 Ke7 18. Qc3 Ra8 19. Qb3 Qc8 20. Ng1 g5 21. Nf3 Ra7 22.
Be2 Qa8 23. Qa3 Rxa4 24. Qb3 Bg7 25. Nd2 Nd4 26. Bxd4 exd4 27. Nf3 c5 28. Qxb6
Rxa2 29. Rxa2 Qxa2 30. Qc7+ Bd7 31. O-O Qxb2 32. Re1 Qc3 33. Rb1 Qc2 34. Rb8
Rxb8 35. Qxb8 Qxe2 36. Nh2 Qxd3 37. Qg8 Nxg8 0-1

[Event "Challenge"]
[Site "http://www.queenalice.com/game.php?id=315118"]
[Date "2007.12.5"]
[Round "-"]
[White "carlos55"]
[Black "spygao"]
[Result "0-1"]
[WhiteElo "1124"]
[BlackElo "1197"]

1. e4 e5 2. Nf3 Nf6 3. d3 Nc6 4. Nc3 Bc5 5. Bg5 O-O 6. Qe2 a5 7. Nd5 Nb4 8. Nxe5
c6 9. Nc3 Qb6 10. Nc4 Qc7 11. Qf3 Nxc2+ 12. Kd1 Nxa1 13. Qe3 Bxe3 0-1

[Event "Challenge"]
[Site "http://www.queenalice.com/game.php?id=318212"]
[Date "2007.12.11"]
[Round "-"]
[White "BraulioFerreira"]
[Black "carlos55"]
[Result "0-1"]
[WhiteElo "1616"]
[BlackElo "1141"]

1. e4 e5 2. Nf3 d6 3. d4 Qe7 4. dxe5 Nc6 5. exd6 cxd6 6. Nc3 Be6 7. Bb5 Nf6 8.
Bg5 h6 9. Bxf6 Qxf6 10. O-O a6 11. Bxc6+ bxc6 12. Re1 Rb8 13. b3 Qxc3 14. Rb1
Rb5 15. Re3 Qa5 16. a4 Rb4 17. Rd3 Qc7 18. c3 Rxe4 0-1

[Event "Challenge"]
[Site "http://www.queenalice.com/game.php?id=318279"]
[Date "2007.12.11"]
[Round "-"]
[White "carlos55"]
[Black "soccer6"]
[Result "0-1"]
[WhiteElo "1214"]
[BlackElo "1173"]

1. d4 d5 2. e3 e6 3. Bb5+ Ke7 4. Nf3 Qd6 5. c3 c6 6. Ba4 b5 7. Bc2 f6 8. Nbd2 g6
9. Nb3 Kd8 10. O-O Be7 11. Nfd2 Ke8 12. Na5 Bd8 13. Qf3 Bxa5 14. Nb1 g5 15. Qh5+
Ke7 16. Bxh7 Rxh7 17. Qxh7+ Kf8 18. Qb7 Bxb7 0-1

[Event "Challenge"]
[Site "http://www.queenalice.com/game.php?id=318280"]
[Date "2007.12.11"]
[Round "-"]
[White "carlos55"]
[Black "soccer6"]
[Result "1-0"]
[WhiteElo "1261"]
[BlackElo "1218"]

1. d4 f6 2. e3 d5 3. Bb5+ Kf7 4. Nf3 e6 5. c3 a6 6. Ba4 b5 7. Bb3 Bd6 8. O-O f5
9. Ne5+ Ke7 10. Qh5 g6 11. Nxg6+ Kd7 12. Nxh8 Qf6 13. Qxh7+ Qe7 14. Qxg8 Nc6 15.
Ng6 Qd8 16. Qf7+ Be7 17. Nd2 a5 18. a4 Ba6 19. Re1 b4 20. Nf3 bxc3 21. bxc3 Kd6
22. Ba3+ Kd7 23. Nfe5+ Nxe5 24. Nxe5+ Kc8 25. Bxe7 Qh8 26. Qxe6+ Kb7 27. Bxd5+
Ka7 28. Qxf5 Rg8 29. Nc6+ Kb7 30. Rab1+ Ka8 31. Nxa5+ Ka7 32. Bc5# 1-0

[Event "Challenge"]
[Site "http://www.queenalice.com/game.php?id=318361"]
[Date "2007.12.11"]
[Round "-"]
[White "carlos55"]
[Black "rycaom"]
[Result "1-0"]
[WhiteElo "1273"]
[BlackElo "1212"]

1. d4 d5 2. e3 Nf6 3. Nf3 Nc6 4. c3 e5 5. dxe5 Nd7 6. Qxd5 Nb6 7. Qb3 Bg4 8. Be2
Nb4 9. cxb4 Nd5 10. Bd2 b6 11. h3 Be6 12. Nd4 Nxb4 13. Qa4+ Qd7 14. Bb5 c6 15.
Nxc6 a6 16. Na3 axb5 17. Qxa8+ Qc8 18. Qxc8+ Bxc8 19. Nxb4 g5 20. Nxb5 Bg7 21.
Nd6+ Kd7 22. Rc1 Bxe5 23. Nxc8 Rxc8 24. Rxc8 Kxc8 25. Nd5 b5 26. h4 g4 27. b3 f6
28. Nc3 g3 29. Nxb5 f5 30. Nd4 h5 31. Nxf5 gxf2+ 32. Kxf2 1-0

[Event "Challenge"]
[Site "http://www.queenalice.com/game.php?id=318375"]
[Date "2007.12.11"]
[Round "-"]
[White "carlos55"]
[Black "ABLANCO"]
[Result "1-0"]
[WhiteElo "1309"]
[BlackElo "1162"]

1. d4 d5 2. e3 Nc6 3. Nf3 Nf6 4. Nc3 Be6 5. Bb5 a6 6. Ba4 Ng4 7. h3 b5 8. Bb3
Bf5 9. hxg4 Bxg4 10. Bxd5 Qd7 11. Qd3 Bxf3 12. Bxf3 b4 13. Nd5 Rb8 14. Qxa6 e6
15. Nxc7+ Kd8 16. Nb5 Qc8 17. Qa4 Ra8 18. Qb3 Qa6 19. c4 bxc3 20. bxc3 Bd6 21.
Nxd6 Rf8 22. d5 exd5 23. Bxd5 Rb8 24. Qc2 1-0

[Event "Challenge"]
[Site "http://www.queenalice.com/game.php?id=318772"]
[Date "2007.12.12"]
[Round "-"]
[White "Najfh"]
[Black "carlos55"]
[Result "1/2-1/2"]
[WhiteElo "1145"]
[BlackElo "1252"]

1. e3 e5 2. g3 d6 3. b3 Qd7 4. Bh3 Qc6 5. Bxc8 Qxh1 6. Ke2 Nd7 7. Bxd7+ Kxd7 8.
Kd3 Nf6 9. Ke2 Qxh2 10. Nf3 Qg2 11. Ba3 Ng4 12. d4 Nxf2 13. Nh4 Qxg3 14. Nf5
Nxd1 15. Nxg3 Nxe3 16. Kxe3 Re8 17. c4 h5 18. Nc3 Rh6 19. Rf1 f6 20. Nd5 h4 21.
Ne4 Kc8 22. c5 exd4+ 23. Kxd4 dxc5+ 24. Bxc5 Bxc5+ 25. Nxc5 Re2 26. Nc3 Rd2+ 27.
Ke3 Rc2 28. Nd5 Rxc5 29. Kd4 Ra5 30. b4 Rxa2 31. Rd1 h3 32. Ne7+ Kd8 33. Nd5 h2
34. b5 h1=Q 35. Rxh1 Rxh1 36. Nb4 Ra4 37. Kc5 f5 38. Nd3 b6+ 39. Kd5 Ra5 40. Kc4
Rh4+ 41. Kc3 Rxb5 42. Kd2 f4 43. Ke2 g5 44. Kf3 Rh3+ 45. Ke4 f3 46. Nf2 Rh2 47.
Ng4 f2 48. Nxh2 Rb3 49. Ng4 f1=Q 50. Ne3 Qe2 51. Kf5 Qxe3 52. Kg6 Ke7 53. Kf5
Kf7 54. Kg4 Kg6 1/2-1/2

[Event "Challenge"]
[Site "http://www.queenalice.com/game.php?id=322551"]
[Date "2007.12.19"]
[Round "-"]
[White "rogerio_88"]
[Black "carlos55"]
[Result "0-1"]
[WhiteElo "989"]
[BlackElo "1287"]

1. e4 e5 2. d3 d6 3. f3 Nc6 4. c3 Qh4+ 5. g3 Qf6 6. Qe2 a5 7. a4 b6 8. Qe3 Qd8
9. Na3 Nf6 10. Nh3 Nh5 11. Ng5 f6 12. Nh3 Qe7 13. Bg2 Qe6 14. Rg1 Qb3 15. Qe2
Qxa4 16. Nb1 Qxa1 17. Qc2 a4 18. b3 Be6 19. c4 Nd4 20. Qd2 Qxb1 21. g4 Nf4 22.
Nxf4 exf4 23. Qxf4 Nxb3 24. Kf2 Nxc1 25. Rxc1 Qxd3 26. Kg3 a3 27. Bf1 Qd4 28. h4
a2 29. e5 a1=Q 30. Rxa1 Qxa1 31. Bg2 Ra4 32. h5 Bxc4 33. Qf5 Bf1 34. Bh1 fxe5
35. Qe6+ Be7 36. Qc8+ Bd8 37. g5 O-O 38. h6 Ra8 39. Qd7 gxh6 40. gxh6 Bf6 41.
Qxc7 Rad8 42. Qxb6 Qc1 43. Qa7 Qxh6 44. Qg1 Qh4# 0-1

[Event "Challenge"]
[Site "http://www.queenalice.com/game.php?id=323239"]
[Date "2007.12.20"]
[Round "-"]
[White "carlos55"]
[Black "heberesteves"]
[Result "1-0"]
[WhiteElo "1212"]
[BlackElo "1457"]

1. e4 Nf6 2. f3 Nc6 3. d3 Nb4 4. Bd2 Nc6 5. Nc3 Nh5 6. Qe2 Nb4 7. Qd1 Nf6 8. Nb5
Nc6 9. Be3 a6 10. Nc3 Nb8 11. Bf4 Ng8 12. Nd5 c6 13. Nc7+ Qxc7 14. Bxc7 c5 15.
Qd2 Nc6 16. Qf4 Nb4 17. Qc1 d6 18. Ba5 Nc6 19. Qd2 Nd4 20. O-O-O Be6 21. Kb1 1-0

[Event "Challenge"]
[Site "http://www.queenalice.com/game.php?id=324658"]
[Date "2007.12.23"]
[Round "-"]
[White "carlos55"]
[Black "moroconvich"]
[Result "1-0"]
[WhiteElo "1249"]
[BlackElo "1148"]

1. d4 d5 2. e3 Nc6 3. Nc3 Nf6 4. Bb5 Bd7 5. Qf3 Nb4 6. Kd2 Bxb5 7. Nxb5 a6 8.
Na3 c5 9. c3 Nc6 10. Ke1 e5 11. dxe5 Nxe5 12. Qh3 Bd6 13. Qf5 O-O 14. Nf3 Re8
15. Nxe5 Rxe5 16. Qh3 1-0

[Event "Challenge"]
[Site "http://www.queenalice.com/game.php?id=326943"]
[Date "2007.12.28"]
[Round "-"]
[White "carlos55"]
[Black "jose50"]
[Result "0-1"]
[WhiteElo "1275"]
[BlackElo "1962"]

1. e4 e5 2. Nf3 Nc6 3. d3 h6 4. Qd2 Nf6 5. Nc3 Bb4 6. Nh4 d5 7. exd5 Nxd5 8. a3
Bxc3 9. bxc3 Qxh4 10. g3 Qe7 11. Rb1 Rb8 12. Rb5 Be6 13. c4 Nf6 14. Qe3 a6 15.
Rb1 Bd7 16. h4 Nd4 17. Rb2 O-O 18. Bg2 c6 19. c3 Nf5 20. Qa7 Qxa3 21. Bh3 Qxc3+
0-1

[Event "Challenge"]
[Site "http://www.queenalice.com/game.php?id=327588"]
[Date "2007.12.29"]
[Round "-"]
[White "carlos55"]
[Black "Najfh"]
[Result "1-0"]
[WhiteElo "1358"]
[BlackElo "1211"]

1. d4 e6 2. c3 Nf6 3. Bg5 c5 4. dxc5 h6 5. Be3 h5 6. Bg5 Bxc5 7. e4 h4 8. Nf3 d5
9. Bb5+ Bd7 10. Bd3 dxe4 11. Bxe4 Qb6 12. Bd3 Nd5 13. Nxh4 O-O 14. Qc2 f6 15.
Bh7+ Kf7 16. Bc1 Bxf2+ 17. Qxf2 Qa5 18. Ng6 Rc8 19. Nd2 Bb5 20. Ne4 Rd8 21. Ne5+
Ke7 22. Bg5 Rh8 23. Bg6 Rc8 24. Qf3 fxg5 25. Qf7+ Kd8 26. a4 Rc7 27. Qxe6 Nxc3
28. bxc3 Re7 29. Nf7+ Ke8 30. Qc8+ Qd8 31. Qxd8# 1-0

[Event "Challenge"]
[Site "http://www.queenalice.com/game.php?id=337724"]
[Date "2008.1.17"]
[Round "-"]
[White "rogerio_88"]
[Black "carlos55"]
[Result "1-0"]
[WhiteElo "1266"]
[BlackElo "1368"]

1. c3 e5 2. f3 d6 3. e4 f6 4. d4 exd4 5. cxd4 d5 6. exd5 Qxd5 7. Qa4+ Bd7 8. Qd1
Nc6 9. Nc3 Qd6 10. Nge2 Nge7 11. Ne4 Qd5 12. N2c3 Qf5 13. d5 Nb4 14. Qb3 Nexd5
15. Nxd5 Qxd5 16. Qe3 Nc2+ 17. Ke2 Nxe3 18. Bxe3 Kd8 19. b3 c6 20. Rd1 Qa5 21.
a4 1-0

[Event "Challenge"]
[Site "http://www.queenalice.com/game.php?id=354722"]
[Date "2008.2.15"]
[Round "-"]
[White "carlos55"]
[Black "rycaom"]
[Result "0-1"]
[WhiteElo "1357"]
[BlackElo "1261"]

1. d4 d5 2. e3 f5 3. Nf3 e6 4. Nc3 h5 5. Ne5 h4 6. Ng6 Rh6 7. Nxf8 Kxf8 8. Nb5
c6 9. Nc3 Nf6 10. Be2 h3 11. O-O Rg6 12. Bf3 b6 13. Kh1 hxg2+ 14. Bxg2 Qd6 15.
Qf3 Ng4 16. Rg1 Qxh2# 0-1

[Event "Challenge"]
[Site "http://www.queenalice.com/game.php?id=354723"]
[Date "2008.2.15"]
[Round "-"]
[White "carlos55"]
[Black "johnlennon55"]
[Result "1-0"]
[WhiteElo "1348"]
[BlackElo "1184"]

1. d4 d5 2. e3 Nc6 3. c3 Nf6 4. Bb5 Bg4 5. f3 Bh5 6. Nh3 g5 7. Nxg5 Bh6 8. e4
Bg6 9. Na3 Qd7 10. O-O Qd6 11. e5 Qd7 12. exf6 exf6 13. Re1+ Kf8 14. Qe2 1-0